Jisoo - Eyes Closed (with Zayn) (Lyrics) - Statistics

General Stats
  • This quiz has been taken 21 times
  • The average score is 277 of 376
Answer Stats
Lyrics % Correct
closed
100%
eyes
100%
I
100%
we
100%
if
92%
in
92%
in,
92%
is
92%
know
92%
love
92%
the
92%
The
92%
with
92%
you
92%
You
92%
be
85%
do
85%
don't
85%
don't,
85%
it
85%
it)
85%
of
85%
oh,
85%
Oh,
85%
oh
85%
(Oh)
85%
our
85%
should
85%
your
85%
and
77%
And,
77%
by
77%
fall
77%
keep
77%
Keep
77%
like
77%
me
77%
all
69%
been
69%
Better
69%
better
69%
go,
69%
it's
69%
just
69%
my
69%
No,
69%
that
69%
wanna
69%
we've
69%
who
69%
but
62%
faces
62%
fingertips
62%
history
62%
leave
62%
lips
62%
names
62%
Really
62%
say
62%
someone
62%
Time
62%
(Yeah,
62%
yeah,
62%
you're
62%
ain't
54%
beds
54%
body
54%
Damned
54%
damned
54%
good
54%
got
54%
hurt
54%
kiss
54%
let
54%
Let's
54%
look
54%
nobody
54%
past
54%
perfect,
54%
proof
54%
shouldn't
54%
Tracing
54%
us
54%
were
54%
where
54%
work,
54%
anybody
46%
can't
46%
'Cause
46%
every
46%
gotta
46%
(Gotta
46%
ne
46%
now
46%
second
46%
seen
46%
care
38%
could
38%
kind
38%
misunderstood
38%
patient
38%
patient)
38%
same,
38%
says,
38%
standing
38%
still
38%
too,
38%
tunnel
38%
vision
38%
what
38%
I've
31%
new
31%
nothing
31%
trouble,
31%
done,
23%
feeling
23%
Said,
23%
trust,
23%
Whatever
23%
you've
23%
No matching quizzes found
Score Distribution
Percent of People with Each Score
Percentile by Number Answered
Your Score History
You have not taken this quiz